000 00859cab a2200229 4500
001 WB3505-10
008 090401t1999 xxu||||| |||| 00| 0 eng d
035 _a(Sirsi) u91130
041 _aeng
245 _aCrichel Down Rules
260 _c1999
350 _a0
490 _aDETR News Release
_v(095) 2 February 1999 (1)
520 _aGovernment has commissioned research into the operation of the Crichel Down Rules. The research is part of a wider review of the laws and procedures relating to compulsory purchase. The final report will be presented in October 1999.
650 _aCOMPENSATION
650 _aCompulsory purchase
_96228
650 _aCRICHEL DOWN RULES
650 _aCROWN ESTATE
690 _aENVIRONMENTAL AND LAND CONSULTANCY-PLANNING AND DEVELOPMENT-COMPULSORY PURCHASE AND COMPENSATION
942 _n0
948 _c05/02/1999
999 _c57828
_d57828